000 00502nam a2200181Ia 4500
003 GCL
008 140319s9999 xx 000 0 eng d
020 _a0792227344
040 _aGCL /
_cGCL
082 0 4 _a591.5
_bB A
245 1 0 _aANIMAL KINGDOMS
260 _aنيويورك :
_bNATIONAL GEOGRAPHIC SOCIETY ،
_c1995
300 _a200 P
_bILLS. ؛
_c26 cm.
650 0 4 _aWILDLIFE REFUGES
650 0 4 _aNATIONAL PARKS AND RESERVES
650 0 4 _aWILDLIFE REFUGES - POLITICAL WORKS
942 _2ddc
_cBK
999 _c4684
_d4684